000 00389cam a2200145ua 4500
041 _aeng
_h
082 _a828.09
_bBOA/IN
100 _aBoad, Fredench. S .
245 _aIntroduction to Eighteenth century Drama 1700-1780 /
_cfredench.
_hTextual Documents
260 _a :
_bOxford & IBH Book Company ,
_c1953.
300 _a365 ; .
504 _a
942 _cBK
999 _c11996
_d11996